000 00433nam a2200157Ia 4500
005 20240424005930.0
008 240331s9999 xx 000 0 und d
020 _a0889367655
082 _bMIS
_a331.4
245 0 _aMissing links
_cInternational Development Research Centre .
260 _aCanada :
_bInternational Development Research Centre /
_c1995.
300 _axv, 371 p .,
650 _awomen
650 _aGender
942 _cL
999 _c2627
_d2627